Portrait of a nationalist : (Record no. 13456)
[ view plain ]
| 000 -LEADER | |
|---|---|
| fixed length control field | 00579nam a22001932 4500 |
| 001 - CONTROL NUMBER | |
| control field | 0000012126 |
| 005 - DATE AND TIME OF LATEST TRANSACTION | |
| control field | 20151217155850.0 |
| 008 - FIXED-LENGTH DATA ELEMENTS--GENERAL INFORMATION | |
| fixed length control field | 090208s xx 000 0 eng d |
| 040 ## - CATALOGING SOURCE | |
| Original cataloging agency | KABU |
| Transcribing agency | KABU |
| 100 1# - MAIN ENTRY--PERSONAL NAME | |
| Personal name | Mutahaba, G. R. |
| -- | 0000168323 |
| 245 10 - TITLE STATEMENT | |
| Title | Portrait of a nationalist : |
| Remainder of title | the life of Ali Migeyo / |
| Statement of responsibility, etc. | as told by G. R. Mutahaba. |
| 250 ## - EDITION STATEMENT | |
| Edition statement | 1st ed. |
| 260 ## - PUBLICATION, DISTRIBUTION, ETC. (IMPRINT) | |
| Place of publication, distribution, etc. | Nairobi : |
| Name of publisher, distributor, etc. | E. A. L. B., |
| Date of publication, distribution, etc. | 1969. |
| 300 ## - PHYSICAL DESCRIPTION | |
| Extent | 27 p. |
| 600 10 - SUBJECT ADDED ENTRY--PERSONAL NAME | |
| Personal name | Migeyo, Ali. |
| -- | 0000168324 |
| 852 1# - LOCATION | |
| -- | p200 KES |
| 908 ## - PUT COMMAND PARAMETER (RLIN) | |
| Put command parameter | 090208 |
| 950 ## - LOCAL HOLDINGS (RLIN) | |
| -- | 1 |
| Withdrawn status | Lost status | Source of classification or shelving scheme | Not for loan | Home library | Current library | Date acquired | Total Checkouts | Full call number | Barcode | Date last seen | Price effective from | Koha item type |
|---|---|---|---|---|---|---|---|---|---|---|---|---|
| Library of Congress Classification | Kabarak, Main Campus | Kabarak, Main Campus | 17/12/2015 | DT447.2 .M5M88 1969 | 16411 | 17/12/2015 | 17/12/2015 | Africana Collection |